Statistics for Countries and World Capitals Containing J

Click here to take the quiz!

General Stats

  • This quiz has been taken 588 times
    (471 since last reset)
  • The average score is 19 of 23

Answer Stats

country / capital% Correct
Abuja
94%
Jakarta
94%
Jerusalem
94%
Juba
94%
Japan
90%
Jamaica
88%
Jordan
86%
Ljubljana
86%
Reykjavik
86%
Majuro
85%
Banjul
84%
Djibouti
84%
Djibouti
84%
Sarajevo
81%
N'Djamena
77%
Skopje
76%
San José
74%
St John's
74%
Sri Jayawarde-
nepura Kotte
72%
Tajikistan
72%
Beijing
68%
Azerbaijan
63%
Fiji
56%

Score Distribution

Percentile by Number Answered

Percent of People with Each Score

Your Score History

You have not taken this quiz since the last reset